01234 a2200169 45000010006000000050017000060080041000230030015000640400040000790800078001192450029001972640035002263000019002615050759002800410008010391000017010474932620260407155756.0260407a1980 arg spa dAR-UNSa-BCEJYS aAR-UNSa-BCEJYSbspacAR-UNSa-BCEJYS a336.226.1xImpuestos a las ganancias o los beneficios (Impuesto Diferido)10aImpuesto a las ganancias 1aBuenos Aires :bCangalloc1980 a491 p.c23 cm. a1. Esquema general de la imposición a la renta - 2. Concepto de ganancia - 3. Deducciones generales - 4. Ganancias de la primera categoría - 5. Ganancias de la segunda categoría - 6. Ganancias de la tercera categoría - 7. Ganancias de la tercera categoría (cont.) - 8. Ganancias de la tercera categoría (cont.) - 9. Ganancias de la cuarta categoría - 10. Atribuciones de los hechos imponibles a los sujetos pasivos - 11. Impuesto personal y progresivo a la ganancia neta imponible de las personas físicas y sucesivos indivisas - 12. Impuestos a la sociedades de capital - 13. Impuestos que integran el sistema de los impuestos a las ganancias - 14. Ajustes por inflación - 15. Regímenes de incentivos fiscales - 16. Casos prácticos. aspa1 aJarach, Dino